| 000 | 00528cam a22002171 4500 | ||
|---|---|---|---|
| 001 | sa 66003606 | ||
| 003 | DLC | ||
| 005 | 20260227112237.0 | ||
| 008 | 890615m19659999ii c 000 0 hino | ||
| 010 | _asa 66003606 | ||
| 035 | _a(OCoLC)19878499 | ||
| 040 |
_aDLC _cWaU _dDLC |
||
| 042 | _apremarc | ||
| 050 | 0 | 0 |
_aPK1924.A2 _bP3 |
| 100 | 1 |
_aPathak, Nathu Lal, _d1925- |
|
| 245 | 1 | 0 | _aHāṛautī kahāvateṃ. |
| 260 | _c[1965?- | ||
| 300 |
_a v. _bports. _c25 cm. |
||
| 500 | _aIn Hindi. | ||
| 650 | 0 | _aProverbs, Harauti. | |
| 999 |
_c68991 _d68991 |
||